Statistics for Avengers Quiz; Villains

Click here to take the quiz!

General Stats

  • This quiz has been taken 95 times
  • The average score is 7 of 13

Answer Stats

DescriptionVillain% Correct
The brother of Thor; he fought against the Avengers for the space stoneLoki
100%
The mad titan; he wielded all the Infinity Stones in his golden gauntletThanos
100%
Created by Tony Stark; as an artificial intellegence he malfunctioned and tried to destroy the world with an asteroidUltron
96%
The leader of Hydra; he thought he controlled the space stone, until it turned him into a monsterRed Skull
85%
Thor's lost sister; she fought with Odin before Thor was born, and she returned hoping to regain her status as queen of AsgardHela
79%
After his father was killed by the former king of Wakanda, he returns to Wakanda to take the throne from T'ChallaKillmonger
60%
After finding an ancient material, he tries to use it as an energy force. Spiderman, however, thinks that the material is to dangerous to be used and tries to stop himVulture/Adrian Toomes
47%
After Bruce banner runs away and attempts to cure himself of the hulk, a power hungry soldier tries to recreate the hulk, but only to become a more beastly creatureThe Abomination
45%
The chemicals affect his brain chemistry; he tries to recreate Hank Pym's shrinking technology, which will cause chaosYellowjacket/Darren Cross
42%
The son of Tony Starks' father's buissness partner, he tries to avenge his dead father by killing Tony StarkWhiplash/Ivan Vanko
38%
He created a serum to make someone a superhuman; but it also turned him insane and he tried to kill the president with a series of terrorist attacksThe Mandarin/Aldridge Killian
26%
Turned to the darkness by Dormmamu, he has been given eternal life by Dormmamu. In return, he must conquer the earth so that it can be consumed by the dark dimensionKaecilius
22%
These two villains cause trouble for different reasons. One tries to steal a lab being used by Hank Pym, so that she can live. The other wants to steal the lab because the technology will make him richGhost, Sonny Birch
1%

Score Distribution

Percentile by Number Answered

Percent of People with Each Score

Your Score History

You have not taken this quiz